000 00466nam a2200181Ia 4500
001 15711
005 20260306170216.0
008 260306t2005||||xx |||||||||||||| ||und||
041 _aESP
082 _a578.7
_bV39
100 _aVegas Gallo, Edwin
_eAUT
245 0 _aUn nuevo enfoque para la gestión de la biodiversidad marina y costera
260 _c2005
300 _a233 páginas :
_c20 cm.
650 _aGEN
654 _aCCN
942 _cLIB
_dJUS
_fJUS
_2ddc
_n
999 _c15711
_d15711